<?xml version="1.0" encoding="UTF-8"?>
<record
    xmlns:xsi="http://www.w3.org/2001/XMLSchema-instance"
    xsi:schemaLocation="http://www.loc.gov/MARC21/slim http://www.loc.gov/standards/marcxml/schema/MARC21slim.xsd"
    xmlns="http://www.loc.gov/MARC21/slim">

  <leader>00348nam a2200145Ia 4500</leader>
  <controlfield tag="003">SEM</controlfield>
  <controlfield tag="008">141116s9999    xx            000 0 und d</controlfield>
  <datafield tag="080" ind1=" " ind2=" ">
    <subfield code="a">&#x53D;&#x561;&#x579;  519</subfield>
  </datafield>
  <datafield tag="100" ind1=" " ind2=" ">
    <subfield code="a">&#x531;&#x57E;&#x561;&#x563;&#x575;&#x561;&#x576; &#x53D;&#x561;&#x579;&#x561;&#x57F;&#x578;&#x582;&#x580;</subfield>
  </datafield>
  <datafield tag="245" ind1=" " ind2=" ">
    <subfield code="a">&#x533;&#x580;&#x56B;&#x563;&#x578;&#x580; &#x54F;&#x565;&#x580;-&#x533;&#x580;&#x56B;&#x563;&#x578;&#x580;&#x575;&#x561;&#x576; </subfield>
  </datafield>
  <datafield tag="260" ind1=" " ind2=" ">
    <subfield code="a">&#x535;&#x580;&#x587;&#x561;&#x576; </subfield>
  </datafield>
  <datafield tag="260" ind1=" " ind2=" ">
    <subfield code="c">1983</subfield>
  </datafield>
  <datafield tag="300" ind1=" " ind2=" ">
    <subfield code="a">99</subfield>
  </datafield>
  <datafield tag="942" ind1=" " ind2=" ">
    <subfield code="2">udc</subfield>
    <subfield code="c">BK</subfield>
  </datafield>
  <datafield tag="999" ind1=" " ind2=" ">
    <subfield code="c">47422</subfield>
    <subfield code="d">47422</subfield>
  </datafield>
</record>
